| 000 | 00518nam a22001817a 4500 | ||
|---|---|---|---|
| 005 | 20180426124241.0 | ||
| 010 | _aENG-122677 | ||
| 020 |
_a9789386338822 _c399.00 |
||
| 035 | _aEN-106209 | ||
| 037 | _bDBAD/PUB | ||
| 082 | _aS | ||
| 100 | _aVila-Matas, Enrique | ||
| 245 |
_aVampire in love stories / _cby Enrique Vila-Matas |
||
| 260 |
_aNew Delhi _bSpeaking Tiger Publications _c2016 |
||
| 270 |
_a4381/4, Ansari Road, Daryaganj, _bNew Delhi _e110002 |
||
| 300 |
_a260p. _c21cm(pbk) |
||
| 942 |
_2ddc _cEN _mVIL _hS |
||
| 999 |
_c151767 _d151767 |
||